000
00339nam a2200145Ia 4500
003
IN-BaIIA
008
211028s9999 xx 000 0 eng d
040
_c
IIA Library
080
_a
551.583
_b
CLI
245
0
_a
Climatic data for design of building
260
_a
New Delhi
300
_a
707p.
650
_a
Climate data
_9
3991
942
_c
BK
999
_c
2202
_d
2202